Criminogenic Study of Murders/ (Record no. 190375)

MARC details
000 -LEADER
fixed length control field 00513nam a22001817a 4500
005 - DATE AND TIME OF LATEST TRANSACTION
control field 20220722153545.0
010 ## - LCCN (DPL NO)
LC control number ENG-133888
020 ## - INTERNATIONAL STANDARD BOOK NUMBER
Terms of availability 450.00
035 ## - SYSTEM CONTROL NUMBER
System control number EN-117420
037 ## - SOURCE OF ACQUISITION
Source of stock number/acquisition DBAD/PUB
082 ## - DEWEY DECIMAL CLASSIFICATION NUMBER
Classification number 364.15230954558
100 ## - MAIN ENTRY--PERSONAL NAME
Personal name Garg, A.S
245 ## - TITLE STATEMENT
Title Criminogenic Study of Murders/
Statement of responsibility, etc A.S.Garg
260 ## - PUBLICATION, DISTRIBUTION, ETC. (IMPRINT)
Place of publication, distribution, etc Gurgaon
Name of publisher, distributor, etc Sandeep Publication
Date of publication, distribution, etc 2012
270 ## - ADDRESS
Address 584, Sector-15,Part-1
City Gurgaon
Postal code 122001
300 ## - PHYSICAL DESCRIPTION
Extent 150p.
Dimensions 22cm(hb)
Other physical details ill.
942 ## - ADDED ENTRY ELEMENTS (KOHA)
Source of classification or shelving scheme Dewey Decimal Classification
Item type English Books
Classification part 364.15230954558
Call number suffix GAR
Holdings
Withdrawn status Lost status Not for loan Collection code Home library Current library Date acquired Source of acquisition Cost, normal purchase price Full call number Barcode Copy number Cost, replacement price Koha item type
      Non-fiction Bawana Bawana 22/07/2022 DBAD/PUB 450.00 364.15230954558 GAR EN-117420 1 450.00 English Books

© Delhi Public Library
Hit Counter
free hit counter